000
00281nam a2200121Ia 4500
005
20251222152042.0
008
251222s9999||||xx |||||||||||||| ||spa||
082
_a
636.089 J42
100
_a
Jara Galarreta, Wilmer
245
0
_a
Prostaglandinas:
264
_b
EDITEC
942
_c
LIB
999
_c
26086
_d
26086